000
00185 a2200097 4500
020
_a
9780545103824
041
_a
eng
100
_a
Ladewski, Paul
245
_a
Power players
942
_c
BK
999
_c
29812
_d
29810